The decline of politics : governance, globalization and the public sphere

Αποθηκεύτηκε σε:
Λεπτομέρειες βιβλιογραφικής εγγραφής
Κύριος συγγραφέας: Marden, Peter
Μορφή: Βιβλίο
Γλώσσα:English
Δημοσίευση: Aldershot : Ashgate, c2003
Σειρά:Critical security series
Θέματα:
Ετικέτες: Προσθήκη ετικέτας
Δεν υπάρχουν, Καταχωρήστε ετικέτα πρώτοι!

MARC

LEADER 00000nam a2200000 i 4500
001 1/75873
008 050509s2003 eng d
020 |a 0-7546-1713-0 
035 |l 10077823 
040 |a GR-MY-UA  |b gre  |e aacr 
041 0 |a eng 
082 0 |a 327  |2 (21) 
100 1 |a Marden, Peter. 
245 1 4 |a The decline of politics :  |b governance, globalization and the public sphere /  |c Peter Marden 
260 |a Aldershot :   |b Ashgate,   |c c2003 
300 |a xvi, 286 σ.;  |c 23 εκ. 
490 1 |a Critical security series 
504 |a Περιέχει βιβλιογραφία και ευρετήριο 
650 0 0 |a Globalization. 
650 0 0 |a International economic relations. 
650 0 0 |a International relations. 
650 0 0 |a Political sociology. 
650 0 0 |a Political geography. 
650 0 0 |a Political participation. 
650 0 0 |a Civil society. 
830 0 |a Critical security series 
852 |a INST  |b LESVOS  |e 20050509  |h 327 MAR  |p 005100027794  |q 005100027794  |t BK  |y 0 
901 |a BIBL1-2005-1 
909 |a Λ  |b 116321 
922 |a 1ΕΛΗ  |b 200410  |c ΕΠΕΑΕΚ2/ΤΓ  |d ΜΙΧΑΛΟΠΟΥΛΟΣ 
950 |a 118-2004-09-22 
970 |a ΚΑΡΑ  |b ΓΙΑΣΕΜΗ  |z 2005/05/09